000 01327 a2200253 4500
001 43907
005 20260407155720.0
008 260407a2009 arg spa d
003 AR-UNSa-BCEJYS
040 _aAR-UNSa-BCEJYS
_bspa
_cAR-UNSa-BCEJYS
080 _a330.43
_xEconometría
245 1 0 _aIntroduction to econometrics
020 _a978-0-470-01512-4
250 _a4a. ed.
264 1 _aFusionopolis :
_bJohn Wiley & Sons
_c2009
300 _axx, 634 p.
_c23 cm.
505 _a1. What is econometrics? - 2. Statistical background and matrix algebra - 3. Simple regression - 4. Multiple regression - 5. Hecteroskedasticity - 6. Autocorrelation - 7. Multicollinearity - 8. Dummy variables and truncated variables - 9. simultaneous equation models - 10. Diagnostic checking, model selection, and specification testing - 11. Errors in variables - 12. Introduction to time- series analysis - 13. Models of expectations and distributed lags - 14. Vector autoregresions, unit roots, and cointegration - 15. Panel data analysis - 16. Small- sample inference: resampling methods
041 _aspa
942 _cBK
590 _aniveau_biblio:m niveau_hierar:0
100 1 _aMaddala, G.S.
700 1 _aLahiri, Kajal
856 4 1 _uhttps://biblioeco.unsa.edu.ar/pmb/images/libros/L126780.jpg
_yImagen de portada
_qimage/jpeg
999 _c3757
_d3757